Complete the Card - AEW All Out 2022 - Statistics

General Stats
  • This quiz has been taken 99 times
  • The average score is 36 of 54
Answer Stats
Hint Answer % Correct
AEW World Trios Championship Tournament Final Match Kenny Omega
95%
AEW World Trios Championship Tournament Final Match Matt Jackson
94%
AEW World Trios Championship Tournament Final Match Nick Jackson
94%
AEW World Championship Match Jon Moxley
90%
AEW World Trios Championship Tournament Final Match "Hangman" Adam Page
87%
Casino Ladder Match MJF
87%
AEW World Championship Match CM Punk
85%
AAA World Mixed Tag Team Championship Match (Buy-In) Sammy Guevara
84%
Singlеs Match Chris Jericho
81%
FTW Championship Match (Buy-In) Hook
81%
AEW TBS Championship Match Jade Cargill
81%
AEW World Trios Championship Tournament Final Match John Silver
81%
Six-Man Tag Team Match Darby Allin
79%
Interim AEW Women's World Championship Four-Way Match Dr. Britt Baker, D.M.D.
79%
AEW World Trios Championship Tournament Final Match Alex Reynolds
77%
AEW All-Atlantic Championship Match (Buy-In) Pac
77%
Six-Man Tag Team Match Sting
77%
Six-Man Tag Team Match Brody King
76%
Six-Man Tag Team Match Cash Wheeler
76%
Six-Man Tag Team Match Dax Harwood
76%
Singles Mаtch Christian Cage
74%
Singles Mаtch "Jungle Boy" Jack Perry
74%
AEW World Tag Team Championship Keith Lee
74%
AEW World Tag Team Championship Max Caster
74%
Interim AEW Women's World Championship Four-Way Match Toni Storm
74%
AEW World Tag Team Championship Anthony Bowens
73%
Six-Man Tag Team Match Malakai Black
73%
AEW World Tag Team Championship Swerve Strickland
73%
Six-Man Tag Team Match Wardlow
73%
Singles Match (Buy-In) Eddie Kingston
69%
Six-Man Tag Team Match Buddy Matthews
68%
Singles Match Ricky Starks
68%
Singlеs Match Bryan Danielson
66%
Interim AEW Women's World Championship Four-Way Match Jamie Hayter
66%
AAA World Mixed Tag Team Championship Match (Buy-In) Ruby Soho
66%
Casino Ladder Match Claudio Castagnoli
63%
Singles Match Powerhouse Hobbs
61%
Casino Ladder Match Rey Fénix
61%
AAA World Mixed Tag Team Championship Match (Buy-In) Tay Melo
60%
Interim AEW Women's World Championship Four-Way Match Hikaru Shida
58%
Casino Ladder Match Wheeler Yuta
58%
AAA World Mixed Tag Team Championship Match (Buy-In) Ortiz
56%
Six-Man Tag Team Match Miro
53%
AEW TBS Championship Match Athena
44%
Casino Ladder Match Dante Martin
44%
Casino Ladder Match Penta El Zero Miedo
44%
Six-Man Tag Team Match Jay Lethal
40%
AEW All-Atlantic Championship Match (Buy-In) Kip Sabian
40%
Casino Ladder Match Rush
40%
Casino Ladder Match Andrade El Idolo
39%
Singles Match (Buy-In) Tomohiro Ishii
34%
Six-Man Tag Team Match Alex Shelley
31%
Six-Man Tag Team Match Chris Sabin
31%
FTW Championship Match (Buy-In) Angelo Parker
29%
No matching quizzes found
Score Distribution
Percent of People with Each Score
Percentile by Number Answered
Your Score History
You have not taken this quiz